Amplifiers PArt 5 , 57min [DVD 205] with 28 pages instructional manual (Record no. 292763)
[ view plain ]
| 000 -LEADER | |
|---|---|
| fixed length control field | 00498 a2200121 4500 |
| 001 - CONTROL NUMBER | |
| control field | 57690 |
| 082 ## - DEWEY DECIMAL CLASSIFICATION NUMBER | |
| Classification number | 80310 |
| 090 ## - LOCALLY ASSIGNED LC-TYPE CALL NUMBER (OCLC); LOCAL CALL NUMBER (RLIN) | |
| -- | 35371 |
| -- | 35371 |
| 245 ## - TITLE STATEMENT | |
| Title | Amplifiers PArt 5 , 57min [DVD 205] with 28 pages instructional manual |
| Remainder of title | this DVD begins with basic amplifiers like the class A, class b and class C amplifiers. you will then proceed into the operational amplifiers and see why it is so widely used in todays modern circuits. |
| 260 ## - PUBLICATION, DISTRIBUTION, ETC. | |
| Place of publication, distribution, etc. | Ohio |
| Name of publisher, distributor, etc. | UCANDO |
| Date of publication, distribution, etc. | 1994 |
| 500 ## - GENERAL NOTE | |
| General note | CD/DVD |
| 610 ## - SUBJECT ADDED ENTRY--CORPORATE NAME | |
| Corporate name or jurisdiction name as entry element | UCANDO |
| 942 ## - ADDED ENTRY ELEMENTS (KOHA) | |
| Institution code [OBSOLETE] | NUST-CAE |
| Call number prefix | 80310 |
| Withdrawn status | Lost status | Damaged status | Not for loan | Collection code | Permanent Location | Current Location | Date acquired | Total Checkouts | Full call number | Barcode | Date last seen | Price effective from | Koha item type |
|---|---|---|---|---|---|---|---|---|---|---|---|---|---|
| College of Aeronautical Engineering (CAE) | College of Aeronautical Engineering (CAE) | 04/03/2017 | 80310 | CAE80310 | 04/05/2017 | 04/05/2017 | Book |
